Stray Kids: Do it lyrics - Statistics

General Stats
  • This quiz has been taken 36 times
  • The average score is 218 of 287
Answer Stats
Answer % Correct
do
100%
Do
100%
I
100%
it
100%
just
91%
Just
91%
Yo
91%
na-na
84%
Oh
84%
oh
84%
(oh)
84%
(Oh)
84%
the
84%
You
81%
you
81%
best
78%
for
78%
a
75%
it's
75%
wanna
75%
whatever
75%
Feel
72%
feel
72%
trust
72%
baby
69%
don't
69%
fuss
69%
Go
69%
make
69%
no
69%
that
69%
gotta
66%
guarantee
66%
of
66%
our
66%
rush
66%
this
66%
Come
63%
instincts
63%
Leave
63%
moving
63%
na-na-na
63%
rhythm
63%
Right
63%
There
63%
thinking
63%
time
63%
instant
59%
ain't
56%
all
56%
behind
56%
yeah
56%
bodies
53%
gonna
53%
we're
50%
Play
47%
crescendo
44%
me
44%
my
44%
player
44%
stereo
44%
flawless
41%
get
41%
I'm
41%
on
41%
tranquilo
38%
and
34%
back
34%
Hey
34%
Let's
34%
life
34%
star
34%
step
34%
foolish
31%
mono
31%
take
31%
up
31%
digging
28%
fire
28%
Flex
28%
hack
25%
hint
25%
Game
22%
(Tick-tock)
19%
(Ow)
16%
(Ayo)
13%
(Woo)
9%
Woo
9%
No matching quizzes found
Score Distribution
Percent of People with Each Score
Percentile by Number Answered
Your Score History
You have not taken this quiz